Na obranu slobodného trhu = In defense of the free market Na obranu svobodného trhu /

Uloženo v:
Podrobná bibliografie
Hlavní autor: Buchanan, James M. 1919- (Autor)
Další autoři: Gonda, Peter (Editor), Chalupníček, Pavel (Editor)
Médium: Kniha
Jazyk:slovenština
angličtina
čeština
Vydáno: Bratislava : Konzervatívny inštitút Milana Rastislava Štefánika, 2007
Vydání:1. vyd.
Témata:
ISBN:9788089121113
On-line přístup: Získat plný text
Tagy: Přidat tag
Žádné tagy, Buďte první, kdo vytvoří štítek k tomuto záznamu!

MARC

LEADER 00000nam a2200000 4500
003 SK-BrCVT
005 20220621163721.0
008 070906s2007 xo e ||||||slo d
020 |a 9788089121113 
035 |a CVTIDW1422535 
040 |b slo  |a CVTI SR  |e AACR2 
041 1 |a slo  |a eng  |a cze 
044 |a xo 
080 |a 330  |2 UDC-MRF 
100 1 |a Buchanan, James M.  |d 1919-,  |4 aut 
245 1 0 |a Na obranu slobodného trhu =  |b In defense of the free market Na obranu svobodného trhu /  |c Autori: James M. Buchanan ... [et al.] ; editori: Peter Gonda, Pavel Chalupníček 
246 1 4 |a Prednášky uznávaných protrhovo orientovaných osobností 
250 |a 1. vyd. 
260 |a Bratislava :  |b Konzervatívny inštitút Milana Rastislava Štefánika,  |c 2007 
300 |a 317 s. :  |b fotogr., lit. ; 
653 1 |a slobodný trh  |a konkurencia  |a harmonizácia 
700 1 |a Gonda, Peter  |4 edt 
700 1 |a Chalupníček, Pavel  |4 edt 
910 |b A602982 
919 |a 978-80-89121-11-3 
974 |f Knihy 
992 |a AZN 
999 |c 158865  |d 158865